[Event "XVI Open"]
[Site "Crema ITA"]
[Date "2015.09.05"]
[Round "4"]
[White "Esposito, Giuseppe"]
[Black "Palma, Maria"]
[WhiteElo "1726"]
[BlackElo "1987"]
[Result "0-1"]
[PlyCount "94"]
[EventDate "2015.09.04"]

1. e4 e6 2. d4 d5 3. Nc3 Nf6 4. e5 Nfd7 5. f4 c5 6. Nf3 Nc6 7. Be3 a6 8. a3 b5
9. Qd2 Qb6 10. Rd1 Bb7 11. Be2 g6 12. O-O f6 13. Kh1 cxd4 14. Nxd4 Nxd4 15.
Bxd4 Qd8 16. exf6 Nxf6 17. Rde1 Kf7 18. Bg4 Bc8 19. Qe2 Qd6 20. Be5 Qe7 21.
Bxf6 Qxf6 22. Nxd5 exd5 23. Qe8+ Kg7 24. Bxc8 Ra7 25. Qe5 Qxe5 26. fxe5 Bxa3
27. Bxa6 Bb4 28. c3 Rxa6 29. cxb4 Re8 30. Rf2 Rxe5 31. Rd1 d4 32. h3 Rd6 33.
Rd3 Re4 34. Kg1 Rc6 35. b3 Rc1+ 36. Kh2 Rc3 37. Rfd2 Rxd3 38. Rxd3 Kf6 39. Kg3
Ke5 40. Kf3 Rf4+ 41. Ke2 Rf7 42. Rg3 Ke4 43. Rg4+ Rf4 44. Rg3 d3+ 45. Ke1 Kd4
46. Rg5 Kc3 47. Rg3 Kc2 0-1

[Event "XVI Open"]
[Site "Crema ITA"]
[Date "2015.09.05"]
[Round "4"]
[White "Folcini, Gaddo"]
[Black "Oteri, Aldo"]
[WhiteElo "1585"]
[BlackElo "1783"]
[Result "1-0"]
[PlyCount "73"]
[EventDate "2015.09.04"]

1. d4 Nf6 2. e4 Nxe4 3. Nf3 d5 4. Ne5 Nd7 5. Nxf7 Kxf7 6. Qh5+ g6 7. Qxd5+ e6
8. Qxe4 Nf6 9. Qh4 Bg7 10. c3 Rf8 11. Bh6 Bxh6 12. Qxh6 Kg8 13. Be2 c6 14. O-O
Qb6 15. b3 c5 16. Qh4 Bd7 17. Nd2 Bc6 18. Bf3 Ne4 19. Be2 Nf6 20. Nf3 Ne4 21.
Ng5 Nxg5 22. Qxg5 cxd4 23. cxd4 Qxd4 24. Rad1 Qe4 25. Bc4 Rf5 26. Qg3 Bd5 27.
Bd3 Qf4 28. Bxf5 Qxf5 29. Rc1 Bc6 30. Rfd1 Rf8 31. Qh4 g5 32. Qd4 a6 33. Rc5
Bd5 34. Rc7 Qf6 35. Qc5 Bc6 36. Qc2 Qf4 37. Qxh7# 1-0

[Event "XVI Open"]
[Site "Crema ITA"]
[Date "2015.09.05"]
[Round "4"]
[White "Giordano, Massimiliano"]
[Black "Swannie, Douglas"]
[WhiteElo "1977"]
[BlackElo "1872"]
[Result "1-0"]
[PlyCount "77"]
[EventDate "2015.09.04"]

1. a3 b6 2. c4 Bb7 3. Nc3 Nf6 4. Nf3 c5 5. d3 g6 6. e3 Bg7 7. Be2 O-O 8. O-O d5
9. cxd5 Nxd5 10. Qc2 e5 11. Rd1 Nc6 12. Bd2 Nc7 13. Ne1 Ne7 14. Bf3 Bxf3 15.
Nxf3 Nf5 16. Rac1 Ne6 17. Ne2 Qe7 18. a4 Rfd8 19. a5 Nh4 20. Nxh4 Qxh4 21. Bc3
Rd6 22. Ra1 Rad8 23. axb6 axb6 24. h3 Qe7 25. Nc1 c4 26. Bb4 cxd3 27. Rxd3 Nc5
28. Bxc5 bxc5 29. Qxc5 e4 30. Rxd6 Qxd6 31. Qxd6 Rxd6 32. Ra8+ Bf8 33. Nb3 Rd1+
34. Kh2 Rb1 35. Nc5 Kg7 36. Nxe4 Rxb2 37. Ra7 Rb4 38. Ng5 Bd6+ 39. g3 1-0

[Event "XVI Open"]
[Site "Crema ITA"]
[Date "2015.09.05"]
[Round "4"]
[White "Giretti Kanev, Jasen"]
[Black "Pinna, Ferdinando"]
[WhiteElo "2211"]
[BlackElo "1862"]
[Result "1-0"]
[PlyCount "87"]
[EventDate "2015.09.04"]

1. d4 Nf6 2. Nf3 g6 3. Bg5 Ne4 4. Bf4 Bg7 5. Nbd2 d5 6. e3 Nd7 7. c4 Nef6 8.
Qb3 c6 9. Bd3 O-O 10. O-O b6 11. Rac1 Bb7 12. c5 Nh5 13. Bg5 h6 14. Bh4 g5 15.
Bg3 Nxg3 16. fxg3 g4 17. Nh4 e6 18. Bb1 Qg5 19. Qd3 f5 20. e4 bxc5 21. dxc5
Nxc5 22. Rxc5 fxe4 23. Nxe4 dxe4 24. Rxg5 exd3 25. Rg6 Ba6 26. Rd1 Rad8 27.
Rxg4 Rde8 28. Nf3 e5 29. Bxd3 Bxd3 30. Rxd3 Re7 31. Re4 Rfe8 32. Rd6 Re6 33.
Rd7 R6e7 34. Rxe7 Rxe7 35. Kf2 Kf7 36. h3 Ke6 37. Ke3 Kd5 38. Nh4 Bf6 39. Nf5
Bg5+ 40. Kd3 Rb7 41. b3 a6 42. h4 Bd2 43. g4 Bc1 44. Rc4 1-0

[Event "XVI Open"]
[Site "Crema ITA"]
[Date "2015.09.05"]
[Round "4"]
[White "Giuriato, Sergio"]
[Black "Gnata, Ilaria"]
[WhiteElo "1918"]
[BlackElo "1294"]
[Result "1-0"]
[PlyCount "63"]
[EventDate "2015.09.04"]

1. d4 Nf6 2. c4 g6 3. Nf3 Bg7 4. g3 O-O 5. Bg2 Re8 6. O-O e6 7. Nc3 d5 8. Qd3
Nbd7 9. Bf4 c5 10. e3 cxd4 11. exd4 Nb6 12. c5 Nc4 13. b3 Na5 14. Nb5 Re7 15.
Bd6 Rd7 16. Ne5 Ne8 17. Nxd7 Nxd6 18. Ne5 Nxb5 19. Qxb5 b6 20. Rfe1 Nb7 21. b4
bxc5 22. bxc5 Na5 23. Rac1 Bxe5 24. dxe5 Nc4 25. Rxc4 dxc4 26. Bxa8 c3 27. Qe2
Qa5 28. Rc1 Qxc5 29. Qe3 Qxe3 30. fxe3 c2 31. Rxc2 Ba6 32. Rc7 1-0

[Event "XVI Open"]
[Site "Crema ITA"]
[Date "2015.09.05"]
[Round "4"]
[White "Goldoni, Claudio"]
[Black "Castrogiovanni, Carlo"]
[WhiteElo "2071"]
[BlackElo "1956"]
[Result "0-1"]
[PlyCount "91"]
[EventDate "2015.09.04"]

1. e4 c5 2. Nf3 a6 3. c4 Nc6 4. d4 cxd4 5. Nxd4 Nf6 6. Nc3 e5 7. Nf5 d5 8. cxd5
Bxf5 9. exf5 Nd4 10. g4 Nxd5 11. Bg2 Nxc3 12. bxc3 Nc6 13. Qa4 Qc7 14. Rb1 Rc8
15. O-O Be7 16. Be3 O-O 17. Rb6 Nd8 18. Rb3 Bc5 19. Bxc5 Qxc5 20. Rd1 Qc4 21.
Qxc4 Rxc4 22. h3 Rc7 23. Rd6 Nc6 24. Bxc6 bxc6 25. Rb6 f6 26. Rxa6 c5 27. Kf1
Rb8 28. Ke2 Rb2+ 29. Rd2 Rb1 30. a4 Rb3 31. Rc2 Kf7 32. Kd3 c4+ 33. Ke4 Rd7 34.
Rc6 Ra3 35. Rxc4 Ra1 36. Rb2 Re1+ 37. Kf3 h5 38. gxh5 Ke7 39. Ra2 Rd3+ 40. Kg2
e4 41. a5 Rdd1 42. Kg3 Rd3+ 43. Kg2 Rdd1 44. f3 Rg1+ 45. Kh2 Rgf1 46. Kg2 0-1

[Event "XVI Open"]
[Site "Crema ITA"]
[Date "2015.09.05"]
[Round "4"]
[White "Grillo, Francesco"]
[Black "Menato, Nazario"]
[WhiteElo "1806"]
[BlackElo "1529"]
[Result "1-0"]
[PlyCount "81"]
[EventDate "2015.09.04"]

1. Nf3 b6 2. g3 Bb7 3. Bg2 c5 4. d3 d6 5. c4 e6 6. Nc3 Be7 7. O-O Nf6 8. a3 a6
9. Rb1 O-O 10. b4 Nbd7 11. Qc2 Rb8 12. e4 Ng4 13. Re1 Bf6 14. Bb2 Nge5 15. Qe2
Nxf3+ 16. Bxf3 Bd4 17. Bg2 Ne5 18. Kh1 f5 19. f4 Ng4 20. Nd1 Bxb2 21. Rxb2 Rf6
22. h3 Rh6 23. Kg1 Nf6 24. exf5 exf5 25. Qe6+ Kf8 26. Rbe2 Bxg2 27. Kxg2 Rb7
28. Qxf5 Rf7 29. h4 Rh5 30. Qh3 Rh6 31. Nc3 g6 32. g4 Kg7 33. g5 Rh5 34. gxf6+
Qxf6 35. Nd5 Qd4 36. Qe3 Qxe3 37. Rxe3 Rxh4 38. Re7 Rh5 39. Rxf7+ Kxf7 40. Re7+
Kf8 41. Rd7 1-0

[Event "XVI Open"]
[Site "Crema ITA"]
[Date "2015.09.05"]
[Round "4"]
[White "Lazic, Miroljub"]
[Black "Formento, Paolo"]
[WhiteElo "2466"]
[BlackElo "2212"]
[Result "1-0"]
[PlyCount "61"]
[EventDate "2015.09.04"]

1. g3 g6 2. Bg2 Bg7 3. e4 e5 4. Ne2 Ne7 5. d4 exd4 6. Nxd4 d5 7. exd5 Nxd5 8.
Qe2+ Qe7 9. Qxe7+ Kxe7 10. Bg5+ f6 11. Bd2 Rd8 12. Nc3 Nb6 13. Nb3 Na6 14. Na5
Nb4 15. O-O-O c6 16. a3 N4d5 17. Nxd5+ cxd5 18. c4 Kf7 19. c5 Nc4 20. Nxc4 dxc4
21. Be3 Rxd1+ 22. Rxd1 Bg4 23. Bxb7 Rb8 24. Bd5+ Be6 25. Bxe6+ Kxe6 26. Rd6+
Ke7 27. Ra6 f5 28. Rxa7+ Kf8 29. Bf4 Rc8 30. Bd6+ Kg8 31. Ra4 1-0

[Event "XVI Open"]
[Site "Crema ITA"]
[Date "2015.09.05"]
[Round "4"]
[White "Lima, Francesco"]
[Black "Maraschi, Alberto"]
[WhiteElo "1651"]
[BlackElo "1347"]
[Result "1-0"]
[PlyCount "143"]
[EventDate "2015.09.04"]

1. e4 c6 2. d4 d5 3. Nc3 g6 4. e5 Bf5 5. Nf3 Bg7 6. h3 Nd7 7. Bd3 Bxd3 8. Qxd3
e6 9. O-O Ne7 10. Re1 O-O 11. Bg5 c5 12. Qe3 Nf5 13. Qd2 Qb6 14. Na4 Qc6 15.
Nc3 cxd4 16. Nxd4 Nxd4 17. Qxd4 a6 18. Bf4 b5 19. a3 Qc4 20. Qd2 d4 21. Ne4 Qd5
22. Bh6 Bxh6 23. Qxh6 Qxe5 24. Rad1 Qg7 25. Qxg7+ Kxg7 26. Rxd4 Ne5 27. b3 Rfc8
28. Nd6 Nc6 29. Rf4 Rc7 30. c4 bxc4 31. Rxc4 Rd8 32. Rd1 Kg8 33. Rd2 Kf8 34.
Ne4 Rxd2 35. Nxd2 Ke7 36. Ne4 h5 37. f4 f5 38. Ng5 Kd7 39. Rc3 Rb7 40. Re3 Nd8
41. Nf3 Rb6 42. Ne5+ Ke8 43. Nxg6 Nb7 44. Ne5 Nc5 45. b4 Ne4 46. Nd3 h4 47. Ne5
a5 48. Nf3 axb4 49. axb4 Rxb4 50. Nxh4 Kf7 51. Nf3 Kf6 52. Ne5 Rb2 53. h4 Rf2
54. Rxe4 Rxg2+ 55. Kxg2 fxe4 56. Kf2 Kf5 57. Ke3 Kf6 58. Kxe4 Kg7 59. Kf3 Kh6
60. Kg4 Kg7 61. Kg5 Kh7 62. h5 Kg7 63. h6+ Kh7 64. Kf6 Kxh6 65. Kxe6 Kg7 66.
Ke7 Kg8 67. f5 Kg7 68. f6+ Kg8 69. f7+ Kh7 70. Kf6 Kh6 71. f8=Q+ Kh5 72. Qh8#
1-0

[Event "XVI Open"]
[Site "Crema ITA"]
[Date "2015.09.05"]
[Round "4"]
[White "Mansueti, Marco"]
[Black "Riboldi, Raffaele"]
[WhiteElo "1862"]
[BlackElo "1839"]
[Result "1-0"]
[PlyCount "47"]
[EventDate "2015.09.04"]

1. d4 Nf6 2. e3 e6 3. f4 b6 4. Nf3 Bb7 5. Bd3 Be7 6. O-O O-O 7. c4 d5 8. Nc3
Nbd7 9. Qc2 c5 10. b3 Rc8 11. Bb2 cxd4 12. exd4 h6 13. Rad1 Ba6 14. cxd5 Bxd3
15. Qxd3 Nxd5 16. Nxd5 exd5 17. Qf5 Nf6 18. Ne5 Qd6 19. Rc1 Qe6 20. Qxe6 fxe6
21. Ng6 Rxc1 22. Nxe7+ Kf7 23. Rxc1 Kxe7 24. Ba3+ 1-0

[Event "XVI Open"]
[Site "Crema ITA"]
[Date "2015.09.05"]
[Round "4"]
[White "Marchesotti, Giovanni"]
[Black "Pricop, Alexandru"]
[WhiteElo "1517"]
[BlackElo "1479"]
[Result "1/2-1/2"]
[PlyCount "44"]
[EventDate "2015.09.04"]

1. Nf3 Nf6 2. g3 g6 3. Bg2 Bg7 4. O-O d6 5. c4 O-O 6. Nc3 e5 7. d4 Re8 8. dxe5
dxe5 9. Qxd8 Rxd8 10. Nxe5 Nh5 11. Ng4 Bxc3 12. Nh6+ Kg7 13. bxc3 c6 14. Be3
Be6 15. c5 Na6 16. Bf3 Bh3 17. Rfd1 f5 18. Bxh5 gxh5 19. f3 Nxc5 20. Nxf5+ Bxf5
21. Bxc5 b6 22. Bd4+ Kg6 1/2-1/2

[Event "XVI Open"]
[Site "Crema ITA"]
[Date "2015.09.05"]
[Round "4"]
[White "Milanesi, Erminio"]
[Black "Finelli, Carmine"]
[WhiteElo "1791"]
[BlackElo "1385"]
[Result "1-0"]
[PlyCount "97"]
[EventDate "2015.09.04"]

1. g3 e5 2. Nh3 d5 3. f3 Bc5 4. e3 Nf6 5. Nf2 O-O 6. d3 c6 7. Bg2 Qa5+ 8. c3
Qb6 9. Qe2 Re8 10. O-O Bf5 11. b3 Qa6 12. Re1 e4 13. fxe4 dxe4 14. d4 Bd6 15.
c4 b6 16. Nc3 Bb4 17. Bb2 h6 18. Qc2 Nbd7 19. a3 Bxc3 20. Bxc3 Re6 21. Bf1 Qb7
22. Be2 Rae8 23. a4 Nh7 24. Red1 Ng5 25. b4 Nf3+ 26. Kg2 Ng5 27. d5 Rd6 28. Qb2
f6 29. dxc6 Qxc6 30. Bd4 Ne5 31. Bxe5 Rxe5 32. Rxd6 Qxd6 33. h4 Nf7 34. Rd1 Qc6
35. Qb3 Qc8 36. Rd5 Kh7 37. Qd1 Qc6 38. g4 Be6 39. b5 Qb7 40. Rxe5 Nxe5 41. Qd4
g6 42. h5 f5 43. Qxe5 Qe7 44. hxg6+ Kg8 45. gxf5 Qg5+ 46. Ng4 Bxf5 47. Qe8+ Kg7
48. Qf7+ Kh8 49. Qh7# 1-0

[Event "XVI Open"]
[Site "Crema ITA"]
[Date "2015.09.05"]
[Round "4"]
[White "Piana, Bruno"]
[Black "Scarabelli, Maurizio"]
[WhiteElo "1410"]
[BlackElo "1740"]
[Result "0-1"]
[PlyCount "96"]
[EventDate "2015.09.04"]

1. e4 c5 2. Nf3 d6 3. d4 cxd4 4. Nxd4 Nf6 5. Nc3 a6 6. Bd3 Qc7 7. O-O Nbd7 8.
Be3 e6 9. Qe2 b5 10. a3 Bb7 11. Nb3 Be7 12. f4 Nc5 13. Nd2 h5 14. f5 e5 15. Bg5
Ng4 16. Bxe7 Qxe7 17. Nf3 Nf6 18. Rae1 h4 19. Qd2 Nh5 20. Nd5 Bxd5 21. exd5
Nxd3 22. Qxd3 Qa7+ 23. Qe3 Nf6 24. Qxa7 Rxa7 25. Rd1 Rc7 26. Rf2 Rc5 27. Rfd2
Rh5 28. h3 Ne4 29. Re2 Ng3 30. Rf2 Nxf5 31. c3 Ne7 32. Rfd2 e4 33. Nd4 Rcxd5
34. Ne2 Rxd2 35. Rxd2 Rd5 36. Rd4 Rxd4 37. Nxd4 Kd7 38. Kf2 g6 39. g3 hxg3+ 40.
Kxg3 Nc6 41. Ne2 Ke6 42. Kf4 d5 43. Ke3 g5 44. Ng3 f5 45. Ne2 f4+ 46. Kf2 Ke5
47. b3 d4 48. cxd4+ Nxd4 0-1

[Event "XVI Open"]
[Site "Crema ITA"]
[Date "2015.09.05"]
[Round "4"]
[White "Piccirillo, Edoardo"]
[Black "Nordio, Giorgio"]
[WhiteElo "2061"]
[BlackElo "1856"]
[Result "1/2-1/2"]
[PlyCount "111"]
[EventDate "2015.09.04"]

1. e4 c6 2. Nc3 d5 3. Nf3 Bg4 4. h3 Bxf3 5. Qxf3 e6 6. d3 Nd7 7. Bd2 Bd6 8. g4
Ne7 9. h4 Qb6 10. Rb1 Ne5 11. Qg2 O-O-O 12. f4 Nd7 13. Na4 Qc7 14. e5 Bc5 15.
Nxc5 Nxc5 16. d4 Nd7 17. Bb4 c5 18. Ba3 Rhe8 19. dxc5 Nxc5 20. Rh3 Ne4 21. Bd3
Qa5+ 22. c3 Nc5 23. Bc2 h6 24. Bb4 Qb6 25. a4 f6 26. exf6 gxf6 27. Qf2 Nd7 28.
Qe2 Qc7 29. Qe3 Qb6 30. a5 Qc7 31. Ba4 Nc6 32. Rc1 Nxa5 33. Qxa7 Nc6 34. Qe3 e5
35. f5 Rg8 36. Rg3 Rde8 37. Kf1 Nb6 38. Bb5 Nd7 39. Rd1 d4 40. Qe4 Nxb4 41.
cxb4 Kb8 42. Ra1 Rd8 43. Bxd7 Qxd7 44. Rga3 Qc6 45. Qxc6 bxc6 46. Ra8+ Kc7 47.
R8a7+ Kb8 48. Rf7 Rxg4 49. Raa7 Rf4+ 50. Ke2 Rxf5 51. Rfb7+ Kc8 52. Rh7 d3+ 53.
Ke3 d2 54. Rhc7+ Kb8 55. Rab7+ Ka8 56. Ra7+ 1/2-1/2

[Event "XVI Open"]
[Site "Crema ITA"]
[Date "2015.09.05"]
[Round "4"]
[White "Pricop, Mihail"]
[Black "Miconi, Francesco"]
[WhiteElo "1440"]
[BlackElo "1977"]
[Result "0-1"]
[PlyCount "58"]
[EventDate "2015.09.04"]

1. d4 Nf6 2. Nf3 g6 3. c4 Bg7 4. Nc3 d6 5. Bg5 h6 6. Bd2 c5 7. d5 O-O 8. Qc1
Kh7 9. e4 e6 10. Be2 exd5 11. cxd5 Re8 12. Qc2 Qe7 13. Bd3 Nxe4 14. O-O Nxd2
15. Qxd2 Bg4 16. Rae1 Qd8 17. Qf4 Bxf3 18. Qxf7 Rxe1 19. Qxg6+ Kg8 20. Rxe1 Nd7
21. Bf5 Ne5 22. Qe6+ Kh8 23. Nb5 Qg5 24. g3 Qd2 25. Rb1 Bxd5 26. Qxd6 Nf3+ 27.
Kf1 Nxh2+ 28. Kg1 Nf3+ 29. Kf1 Re8 0-1

[Event "XVI Open"]
[Site "Crema ITA"]
[Date "2015.09.05"]
[Round "4"]
[White "Righini, Giovanni"]
[Black "Bevilacqua, Maurizio"]
[WhiteElo "1891"]
[BlackElo "2074"]
[Result "0-1"]
[PlyCount "88"]
[EventDate "2015.09.04"]

1. e4 c5 2. c3 Nf6 3. e5 Nd5 4. d4 cxd4 5. Nf3 e6 6. cxd4 b6 7. Bc4 Bb7 8. O-O
Na6 9. a3 Nac7 10. Qe2 a6 11. Bg5 Be7 12. Bxe7 Qxe7 13. g3 O-O 14. Nbd2 f5 15.
Bd3 b5 16. Nb3 a5 17. Nc5 Bc6 18. Qd2 h6 19. Nh4 g5 20. Ng6 Qg7 21. Nxf8 Rxf8
22. Be2 Nf4 23. f3 Nh3+ 24. Kg2 g4 25. Nd3 Nd5 26. Rac1 Ba8 27. Rc5 f4 28. Rxd5
Bxd5 29. Nc5 Ng5 30. Ne4 Nxe4 31. fxe4 f3+ 32. Kg1 fxe2 33. Rxf8+ Qxf8 34. Qxe2
Bc4 35. Qxg4+ Kh7 36. Qf4 Qxf4 37. gxf4 Bd3 38. d5 Bxe4 39. d6 Kg6 40. Kf2 Kf5
41. Ke3 Bc6 42. b4 a4 43. h3 h5 44. h4 Kg4 0-1

[Event "XVI Open"]
[Site "Crema ITA"]
[Date "2015.09.05"]
[Round "4"]
[White "Tagliaferri, Valerio"]
[Black "Trifoni, Giorgio"]
[WhiteElo "1830"]
[BlackElo "1644"]
[Result "1-0"]
[PlyCount "75"]
[EventDate "2015.09.04"]

1. d4 Nf6 2. c4 c5 3. d5 b5 4. cxb5 a6 5. e3 Qa5+ 6. Bd2 Qb6 7. Nc3 axb5 8.
Bxb5 Ba6 9. Qa4 Ra7 10. Qc4 Bxb5 11. Nxb5 Rb7 12. a4 g6 13. Ne2 Bg7 14. Nec3
O-O 15. O-O Ne8 16. e4 Nd6 17. Nxd6 Qxd6 18. Nb5 Qb6 19. Bc3 d6 20. g3 Na6 21.
Kg2 Bxc3 22. bxc3 f5 23. Rfb1 Qa5 24. Rb3 fxe4 25. Rab1 Nc7 26. Nxc7 Rxb3 27.
Rxb3 Qxc7 28. Qxe4 Qd7 29. Ra3 Ra8 30. a5 Kg7 31. c4 Qb7 32. Qe1 Ra7 33. Qc3+
Kf7 34. Rb3 Qd7 35. Qf3+ Ke8 36. Rb8+ Qd8 37. Rxd8+ Kxd8 38. Qb3 1-0

[Event "XVI Open"]
[Site "Crema ITA"]
[Date "2015.09.05"]
[Round "4"]
[White "Tahiraj, Almir"]
[Black "Rotoni, Matteo"]
[WhiteElo "1855"]
[BlackElo "2088"]
[Result "0-1"]
[PlyCount "78"]
[EventDate "2015.09.04"]

1. Nf3 Nf6 2. d4 g6 3. c4 Bg7 4. Nc3 O-O 5. e4 d6 6. Be2 Qe8 7. O-O e5 8. d5 a5
9. a4 Na6 10. Rb1 Nh5 11. Nd2 Nf4 12. Nb3 Nxe2+ 13. Qxe2 b6 14. Nb5 Qe7 15. Be3
f5 16. f3 f4 17. Bf2 g5 18. Nc1 h5 19. Nd3 Rf7 20. b4 axb4 21. Nxb4 Nxb4 22.
Rxb4 g4 23. fxg4 Bxg4 24. Qc2 Bf6 25. Rb3 Rxa4 26. Ra3 Rxa3 27. Nxa3 Rg7 28.
Qd3 f3 29. g3 h4 30. Nc2 hxg3 31. Bxg3 Bh4 32. Rxf3 Bxf3 33. Qxf3 Qg5 34. Kg2
Qd2+ 35. Qf2 Qd3 36. Ne3 Qxe4+ 37. Qf3 Qg6 38. Nf5 Rf7 39. Qe4 Qxf5 0-1

[Event "XVI Open"]
[Site "Crema ITA"]
[Date "2015.09.05"]
[Round "4"]
[White "Takahashi, Saera"]
[Black "Romito, Donato"]
[WhiteElo "1545"]
[BlackElo "1691"]
[Result "0-1"]
[PlyCount "54"]
[EventDate "2015.09.04"]

1. Nf3 Nc6 2. g3 d6 3. Bg2 e5 4. e4 Nf6 5. d3 g6 6. O-O Bg7 7. Re1 O-O 8. c3
Bg4 9. h3 Bd7 10. Nbd2 Qc8 11. h4 Bh3 12. Nf1 Bxg2 13. Kxg2 Nh5 14. N1h2 f5 15.
exf5 Rxf5 16. Kg1 Rf8 17. Rb1 Kh8 18. a3 Qh3 19. Qe2 h6 20. Be3 Ne7 21. Kh1 Nf5
22. Qc2 Nfxg3+ 23. fxg3 Rxf3 24. Bf2 Raf8 25. Re2 Nxg3+ 26. Bxg3 Rf1+ 27. Rxf1
Rxf1# 0-1

[Event "XVI Open"]
[Site "Crema ITA"]
[Date "2015.09.05"]
[Round "4"]
[White "Ventura, Franco"]
[Black "Ranfagni, Stefano"]
[WhiteElo "2088"]
[BlackElo "1941"]
[Result "1-0"]
[PlyCount "103"]
[EventDate "2015.09.04"]

1. d4 e6 2. c4 f5 3. Nf3 Nf6 4. g3 c6 5. Bg2 d5 6. O-O Bd6 7. b3 Qe7 8. Bb2 O-O
9. Nbd2 Nbd7 10. Qc2 b6 11. Ne5 Bb7 12. Ndf3 Rac8 13. Nxd7 Nxd7 14. e3 c5 15.
Rac1 a5 16. Rfd1 Nf6 17. dxc5 Bxc5 18. Qb1 dxc4 19. Rxc4 Rfd8 20. Rcc1 Be4 21.
Qa1 Ne8 22. Rxd8 Rxd8 23. Rd1 Rxd1+ 24. Qxd1 h6 25. Qd2 Qd6 26. Qxd6 Nxd6 27.
Ne5 Bb1 28. Nd7 Bxa2 29. Be5 Nf7 30. Bc7 Bxb3 31. Nxc5 bxc5 32. Bxa5 Bd5 33. f3
Nd6 34. Kf2 Kf7 35. Bf1 g5 36. h3 h5 37. Be2 Kg6 38. Bc7 Nb7 39. Bb5 c4 40. e4
fxe4 41. fxe4 c3 42. exd5 exd5 43. Be5 Nc5 44. Ke3 Kf5 45. Bxc3 g4 46. h4 Ke6
47. Bd3 Nb3 48. Bg6 Nc5 49. Bd4 Nb7 50. Kf4 Nd6 51. Bxh5 Nb5 52. Bxg4+ 1-0

[Event "XVI Open"]
[Site "Crema ITA"]
[Date "2015.09.05"]
[Round "4"]
[White "Volpati, Antonio"]
[Black "Perico, Gianvittorio"]
[WhiteElo "1644"]
[BlackElo "1892"]
[Result "0-1"]
[PlyCount "138"]
[EventDate "2015.09.04"]

1. e4 c5 2. Nf3 d6 3. g3 Nf6 4. d3 e6 5. Nbd2 Be7 6. Bg2 O-O 7. O-O Nc6 8. c3
Qc7 9. Re1 a6 10. Nf1 b5 11. e5 dxe5 12. Nxe5 Bb7 13. Bf4 Bd6 14. d4 Rad8 15.
Nxc6 Bxc6 16. Bxc6 Qxc6 17. Be5 Bxe5 18. Rxe5 cxd4 19. cxd4 Qd6 20. Rc1 Qxd4
21. Qxd4 Rxd4 22. Rec5 Nd5 23. a3 g6 24. R1c2 b4 25. a4 Rb8 26. b3 Rd3 27. Nd2
Rc3 28. Kf1 Rxc2 29. Rxc2 Nc3 30. Nc4 Rd8 31. Kg2 Kg7 32. Ne5 Rd6 33. Nc4 Rd1
34. Rd2 Rxd2 35. Nxd2 Ne2 36. Kf3 Nc3 37. Ke3 Kf6 38. Kd3 Ke5 39. Kc4 Nd5 40.
Kd3 f5 41. Nc4+ Kf6 42. Kd4 g5 43. f3 h5 44. Ne5 f4 45. Nd7+ Ke7 46. Nb8 fxg3
47. hxg3 h4 48. gxh4 gxh4 49. Nc6+ Kd6 50. Ne5 Nf6 51. Nd3 h3 52. Nf2 h2 53.
Kc4 Nd5 54. Kd4 e5+ 55. Ke4 Nc3+ 56. Kf5 Ne2 57. Kg4 Nc1 58. Kh3 Nxb3 59. Kxh2
Nc5 60. a5 b3 61. Nd1 Na4 62. Kg2 b2 63. Nxb2 Nxb2 64. Kf2 Nc4 65. Ke2 Nxa5 66.
Kd3 Kd5 67. Kc3 Nc6 68. Kd3 a5 69. Kc3 a4 0-1

[Event "XVI Open"]
[Site "Crema ITA"]
[Date "2015.09.05"]
[Round "4"]
[White "Vuelban, Virgilio"]
[Black "Bontempi, Piero"]
[WhiteElo "2327"]
[BlackElo "2364"]
[Result "1-0"]
[PlyCount "113"]
[EventDate "2015.09.04"]

1. c4 e5 2. Nc3 Nc6 3. Nf3 f5 4. d3 Nf6 5. e3 Bb4 6. Bd2 O-O 7. a3 Bxc3 8. Bxc3
d6 9. Be2 Qe8 10. O-O b6 11. b4 e4 12. Ne1 Ne5 13. d4 Ng6 14. g3 Bd7 15. a4 a6
16. Ng2 h6 17. Re1 Kh7 18. Qc2 Rh8 19. Bb2 h5 20. h4 Kh6 21. a5 b5 22. cxb5
Bxb5 23. Bxb5 Qxb5 24. Qxc7 Rhc8 25. Qf7 Rc2 26. Ba3 Rac8 27. Qe6 Qd5 28. Qxd5
Nxd5 29. b5 axb5 30. Bxd6 Ra8 31. Reb1 Nc3 32. Rb3 Ra6 33. Bb4 Ne2+ 34. Kf1 Nc1
35. Rc3 Rxc3 36. Bxc3 Nd3 37. Ne1 Ne7 38. Rb1 Nd5 39. Bd2 Nxe1 40. Bxe1 b4 41.
Bxb4 Nxb4 42. Rxb4 Rxa5 43. Kg2 Ra2 44. d5 Kg6 45. Rd4 Kf7 46. d6 Ra8 47. d7
Rd8 48. g4 hxg4 49. Kg3 g6 50. Kf4 Ke6 51. Rd2 Rxd7 52. Rxd7 Kxd7 53. h5 gxh5
54. Kxf5 Ke7 55. Kg5 Ke6 56. Kxh5 Kf5 57. Kh4 1-0

[Event "XVI Open"]
[Site "Crema ITA"]
[Date "2015.09.06"]
[Round "5"]
[White "Biava, Pierluigi"]
[Black "Tagliaferri, Valerio"]
[WhiteElo "1572"]
[BlackElo "1830"]
[Result "0-1"]
[PlyCount "110"]
[EventDate "2015.09.04"]

1. d4 e6 2. e4 b6 3. Bd3 Bb7 4. Qe2 Nf6 5. Nf3 c5 6. c3 Be7 7. O-O O-O 8. Bf4
d6 9. Na3 a6 10. Rad1 d5 11. e5 Nfd7 12. Bb1 Re8 13. g4 Nf8 14. Kg2 Nbd7 15.
Rh1 Ng6 16. Bg3 Nh4+ 17. Kh3 Ng6 18. Bxg6 fxg6 19. Kg2 Bc6 20. h4 Rf8 21. Rh3
Rf7 22. Qe3 h6 23. Nh2 Nf8 24. f4 Rc8 25. Nc2 Ba4 26. b3 Bb5 27. a4 Bd7 28. Qd3
c4 29. bxc4 dxc4 30. Qe2 Bxa4 31. Rf1 a5 32. Ne3 Bc6+ 33. Kg1 Bd5 34. h5 g5 35.
f5 b5 36. Be1 Qd7 37. Nxd5 Qxd5 38. Rhf3 b4 39. fxe6 Rxf3 40. Qxf3 Qxf3 41.
Nxf3 Nxe6 42. d5 Nf4 43. d6 b3 44. dxe7 Kf7 45. Nd4 Kxe7 46. Bg3 a4 47. Nf5+
Ke6 48. Nxg7+ Kxe5 49. Re1+ Kf6 50. Nf5 a3 51. Nd4 a2 52. Bxf4 gxf4 53. Re6+
Kf7 54. Ra6 b2 55. Nf5 a1=Q+ 0-1

[Event "XVI Open"]
[Site "Crema ITA"]
[Date "2015.09.06"]
[Round "5"]
[White "Bontempi, Piero"]
[Black "De Palma, Fabrizio"]
[WhiteElo "2364"]
[BlackElo "2076"]
[Result "1-0"]
[PlyCount "39"]
[EventDate "2015.09.04"]

1. e4 c6 2. c4 d5 3. exd5 cxd5 4. cxd5 Nf6 5. Nc3 g6 6. Bc4 Bg7 7. Nf3 O-O 8.
O-O Nbd7 9. d3 Nb6 10. Qb3 Ne8 11. Re1 Nd6 12. Bg5 Re8 13. Ne4 h6 14. Nxd6 Qxd6
15. Bh4 Bd7 16. Bg3 Ba4 17. Qxa4 Nxa4 18. Bxd6 exd6 19. Rxe8+ Rxe8 20. Bb5 1-0

[Event "XVI Open"]
[Site "Crema ITA"]
[Date "2015.09.06"]
[Round "5"]
[White "Castrogiovanni, Carlo"]
[Black "Brugo, Marco"]
[WhiteElo "1956"]
[BlackElo "2114"]
[Result "1/2-1/2"]
[PlyCount "33"]
[EventDate "2015.09.04"]

1. d4 e6 2. Nf3 f5 3. Nc3 Bb4 4. Bg5 Nf6 5. e3 O-O 6. Bc4 d5 7. Bd3 Qe8 8. Bxf6
Rxf6 9. Ne5 b6 10. O-O Ba6 11. Bxa6 Nxa6 12. Qd3 Bxc3 13. bxc3 Nb8 14. c4 Nd7
15. cxd5 exd5 16. f4 g6 17. c4 1/2-1/2

[Event "XVI Open"]
[Site "Crema ITA"]
[Date "2015.09.06"]
[Round "5"]
[White "Colonetti, Fabio"]
[Black "Pricop, Mihail"]
[WhiteElo "1712"]
[BlackElo "1440"]
[Result "1/2-1/2"]
[PlyCount "64"]
[EventDate "2015.09.04"]

1. e4 e6 2. d4 d5 3. Nc3 Nf6 4. Bg5 Be7 5. e5 Ne4 6. Bxe7 Nxc3 7. Bxd8 Nxd1 8.
Bxc7 Nxb2 9. Rb1 Nc4 10. Bxc4 dxc4 11. Rb4 O-O 12. Rxc4 b5 13. Rc3 Bb7 14. Ne2
Bxg2 15. Rg1 Bd5 16. Bd6 Re8 17. a3 Bc4 18. Nf4 Nd7 19. Rcg3 g6 20. Rh3 Bd5 21.
Nxd5 exd5 22. Rg4 Nb6 23. Rf3 Rac8 24. Bc5 Rc6 25. Rgf4 f5 26. Rb3 a6 27. Bxb6
Rxb6 28. Rc3 Ree6 29. Rff3 Rbc6 30. Kd2 Rc4 31. Rxc4 bxc4 32. Kc1 h5 1/2-1/2

[Event "XVI Open"]
[Site "Crema ITA"]
[Date "2015.09.06"]
[Round "5"]
[White "Finelli, Carmine"]
[Black "Cassi, Elisa"]
[WhiteElo "1385"]
[BlackElo "1495"]
[Result "1-0"]
[PlyCount "97"]
[EventDate "2015.09.04"]

1. e4 e5 2. Bc4 Nf6 3. d3 Nc6 4. c3 d5 5. exd5 Nxd5 6. Nf3 Bg4 7. h3 Bh5 8. Qb3
Nb6 9. Bb5 Qf6 10. Bg5 Qd6 11. Nbd2 Qd5 12. c4 Qe6 13. O-O h6 14. Bh4 Be7 15.
Bxe7 Qxe7 16. Nxe5 Qd6 17. Rfe1 O-O 18. Bxc6 bxc6 19. g4 Bg6 20. c5 Qxc5 21.
Nxg6 Rfe8 22. Nh4 Qg5 23. Ndf3 Qf6 24. Qc3 Qd6 25. Nf5 Qg6 26. Ne7+ Rxe7 27.
Rxe7 Nd5 28. Qe1 Nxe7 29. Qxe7 Qxd3 30. Ne5 Qd5 31. Qxc7 Re8 32. Nxc6 Qf3 33.
Qd7 Re2 34. Qc8+ Kh7 35. Qf5+ Qxf5 36. gxf5 Rxb2 37. Nxa7 Rb7 38. Nc6 Rc7 39.
Nd4 Rc4 40. Ne2 Rh4 41. Kg2 g5 42. fxg6+ fxg6 43. a4 g5 44. a5 g4 45. Kg3 Rxh3+
46. Kxg4 Rd3 47. a6 Rd8 48. a7 Rg8+ 49. Kh3 1-0